Trasa Linii 138 (MPK KRAKÓW) - Statystyki

Ogólne statystyki
  • Ten quiz został rozwiązany 5 razy
  • Średni wynik to 18 z 33
Statystyki odpowiedzi
Lp. Ulica Przystanek % Poprawnych
1. Ujastek Kombinat
100%
4. (NŻ) Łowińskiego Elektromontaż
80%
2. ↓ Ujastek Kombinat
80%
3. Ujastek Zajezdnia Nowa Huta
80%
33. Weissa Azory
60%
30. ↓ Batalionu "Skała" AK Batalionu "Skała" AK
60%
29. Krowoderskich Zuchów Krowoderskich Zuchów
60%
28. Krowoderskich ZuchówFieldorfa-Nila Krowodrza Górka P+R
60%
13. Okulickiego Kupały
60%
26. Opolska Mackiewicza
60%
31. Makowskiego Makowskiego
60%
7. (NŻ) Makuszyńskiego Makuszyńskiego
60%
8. Makuszyńskiego Nad Dłubnią
60%
24. OpolskaLubańska Opolska Estakada
60%
14. Okulickiego Os. Kalinowe
60%
18. Dobrego Pasterza Park Wodny
60%
20. LubańskaDobrego Pasterza Rondo Barei
60%
32. Różyckiego Różyckiego
60%
19. ↓ Dobrego Pasterza Słoneckiego
60%
27. Fieldorfa-NilaPrądnicka Szpital Jana Pawła II
60%
15. al. gen. Bora-Komorowskiegoal. gen. Andersa Wiślicka
60%
9. Nowolipki Zajezdnia Bieńczyce
60%
11. (NŻ) Okulickiego Fatimska
40%
23. Lubańska Lubańska
40%
10. (NŻ) OkulickiegoNowolipki Nowolipki
40%
21. Lubańska Olsza II
40%
22. ↑ Lubańska Olsza II
40%
16. Dobrego Pasterzaal. gen. Bora-Komorowskiego Os. Akademickie PK
40%
12. Okulickiego Os. Mistrzejowice Nowe
40%
17. Dobrego Pasterza Os. Oświecenia
40%
6. KocmyrzowskaMakuszyńskiego Wańkowicza
40%
5. (NŻ) ↑ Łowińskiego Wiadukty
20%
25. Opolska Imbramowskia
0%
Nie znaleziono quizów pasujących do podanych kryteriów
Rozkład punktacji
Procent ludzi z każdym wynikiem
Percentyl według liczby udzielonych odpowiedzi
Twoja historia wyników
Nie rozwiązałeś tego quizu